Business performance in non-profit organizations

Meranie výkonnosti v neziskových organizáciách. Ukazovatele výkonnosti. 2 najčastejšie používané metódy hodnotenia výkonnosti neziskových organizácií: BSC and LFA prístupy.

Gespeichert in:
Bibliographische Detailangaben
1. Verfasser: Lacko, Roman, 1988-
Weitere Verfasser: Hurný, František
Format: Buchkapitel
Sprache:Englisch
Schlagworte:
Tags: Tag hinzufügen
Keine Tags, Fügen Sie das erste Tag hinzu!

MARC

LEADER 00000nla a2200000 4500
001 0233512
005 20240531123155.8
041 0 |a eng 
044 |a SK 
245 1 0 |a Business performance in non-profit organizations  |c Roman Lacko, František Hurný 
520 |a Meranie výkonnosti v neziskových organizáciách. Ukazovatele výkonnosti. 2 najčastejšie používané metódy hodnotenia výkonnosti neziskových organizácií: BSC and LFA prístupy. 
610 2 0 |a organizácie neziskové 
610 2 0 |a výkonnosť 
610 2 0 |a meranie výkonnosti 
610 2 0 |a metódy 
100 1 |a Lacko, Roman, 1988- 
700 1 |a Hurný, František